000
00209nam a2200085Ia 4500
008
120527s9999 xx 000 0 und d
100
_a
Norusis, J. Manja
245
_a
SPSS 6.1 guide to Data analysis
942
_c
BK
999
_c
27115
_d
27115